Statystyki dla Złoczyńcy Disneya

Kliknij tutaj aby rozwiązać quiz!

Ogólne statystyki

  • Ten quiz został rozwiązany 210 razy
  • Średni wynik to 11 z 20

Statystyki odpowiedzi

ZłoczyńcaFilm% Poprawnych
SkazaKról Lew
96%
Cruella De Mon101 Dalmatyńczyków
93%
Kapitan HakPiotruś Pan
92%
UrszulaMała syrenka
87%
HadesHerkules
84%
DżafarAladyn
75%
Królowa KierAlicja w Krainie Czarów
73%
Shan YuMulan
66%
HansKraina Lodu
61%
GastonPiękna i bestia
60%
MaleficentŚpiąca Królewna
52%
YzmaNowe szaty króla
47%
Szeryf z NottinghamRobin Hood
35%
Matka GothelZaplątani
35%
Zła królowaKrólewna Śnieżka
i siedmiu krasnoludków
33%
Shere KhanKsięga dżungli
32%
SyndromIniemamocni
29%
Sid PhillipsToy Story
19%
HopperDawno temu w trawie
10%
Profesor RatiganWielki mysi detektyw
2%

Rozkład punktacji

Percentyl według liczby udzielonych odpowiedzi

Procent ludzi z każdym wynikiem

Twoja historia wyników

Nie rozwiązałeś tego quizu